[Event "VIII Festival A"]
[Site "Montecatini Terme ITA"]
[Date "1999.08.04"]
[Round "5"]
[White "Marzano, Carlo"]
[Black "Piva, Giorgio"]
[Result "1-0"]
[WhiteElo "2233"]
[BlackElo "2115"]
[PlyCount "59"]
[EventDate "1999.07.31"]

1.d4 d5 2.Nf3 Nc6 3.Bf4 Bg4 4.e3 e6 5.Be2 Bd6 6.c3 Nge7 7.Nbd2 Bxf4 8.exf4
Qd6 9.g3 f6 10.O-O O-O-O 11.b4 Nf5 12.Qa4 Kb8 13.Rab1 h5 14.Nb3 h4 15.Nc5 
g5 16.Qb5 b6 17.Qa6 Na5 18.bxa5 Qc6 19.fxg5 e5 20.Nxe5 fxe5 21.Bxg4 exd4 
22.cxd4 Nd6 23.Rfc1 Nc4 24.axb6 cxb6 25.Re1 hxg3 26.hxg3 Qc7 27.g6 Qg7 28.
Qb5 Qh6 29.Na6+ Kb7 30.Re7+ 1-0

[Event "VIII Festival A"]
[Site "Montecatini Terme ITA"]
[Date "1999.08.04"]
[Round "5"]
[White "Mollero, Michele"]
[Black "Fabiano, Giuseppe"]
[Result "0-1"]
[WhiteElo "2132"]
[BlackElo "2293"]
[PlyCount "56"]
[EventDate "1999.07.31"]

1.d4 Nf6 2.c4 e6 3.Nf3 b6 4.a3 Ba6 5.Qc2 Bb7 6.Nc3 c5 7.dxc5 Bxc5 8.e4 Nc6
9.Bd3 Qb8 10.Ne2 Ng4 11.O-O Nd4 12.Nexd4 Bxd4 13.Bg5 f5 14.Bh4 Bc5 15.b4 
Bd6 16.Bg3 f4 17.Bh4 Ne5 18.Nxe5 Bxe5 19.Rad1 f3 20.Bg3 fxg2 21.Kxg2 O-O 
22.Qe2 Bf4 23.Kg1 Qe5 24.Bc2 d6 25.Qd3 Rad8 26.Qd4 Qg5 27.Rd3 h5 28.Kh1 e5
0-1

[Event "VIII Festival A"]
[Site "Montecatini Terme ITA"]
[Date "1999.08.04"]
[Round "5"]
[White "Ortega, Lexy"]
[Black "Scotti, Umberto"]
[Result "1-0"]
[WhiteElo "2499"]
[BlackElo "2107"]
[PlyCount "51"]
[EventDate "1999.07.31"]

1.d4 d5 2.c4 c6 3.Nc3 Nf6 4.e3 e6 5.Nf3 Nbd7 6.Bd3 dxc4 7.Bxc4 b5 8.Bd3 a6
9.e4 c5 10.d5 c4 11.Bc2 Qc7 12.O-O Bc5 13.b3 Ne5 14.Bf4 Nxf3+ 15.Qxf3 e5 
16.Bg5 Bd4 17.Bxf6 gxf6 18.Rac1 Rg8 19.h3 Bxc3 20.Qxc3 Qd7 21.bxc4 Qxh3 
22.Qxh3 Bxh3 23.Kh2 Bd7 24.c5 O-O-O 25.c6 Be8 26.a4 1-0

[Event "VIII Festival A"]
[Site "Montecatini Terme ITA"]
[Date "1999.08.04"]
[Round "5"]
[White "Rodkin, Rafael"]
[Black "Farago, Ivan"]
[Result "0-1"]
[WhiteElo "2240"]
[BlackElo "2512"]
[PlyCount "124"]
[EventDate "1999.07.31"]

1.c4 Nf6 2.g3 c6 3.b3 d5 4.Bb2 Bg4 5.Bg2 e6 6.Nf3 Be7 7.O-O O-O 8.d3 Nbd7 
9.Nc3 Re8 10.Qc2 Bf8 11.h3 Bh5 12.Rae1 h6 13.Nh4 d4 14.Nb1 Bb4 15.Rd1 e5 
16.a3 Bf8 17.b4 a5 18.b5 cxb5 19.Bxb7 Rb8 20.Ba6 bxc4 21.dxc4 Qc7 22.a4 d3
23.Rxd3 Nc5 24.Bb5 Nxd3 25.exd3 Re6 26.Nd2 Nd5 27.Ne4 Nb4 28.Qd2 Bg6 29.
Nxg6 Rxg6 30.Qe2 Rd8 31.c5 Nc6 32.Qh5 Nd4 33.Bc4 Rc6 34.Nd6 Bxd6 35.Bxd4 
exd4 36.cxd6 Rcxd6 37.Re1 Rc6 38.Rc1 Kh7 39.Qf3 g6 40.h4 h5 41.Kh2 Kg7 42.
Rb1 Rf6 43.Qg2 Rb8 44.Rf1 Rb2 45.Kg1 Qe5 46.Qd5 Qxd5 47.Bxd5 Rfb6 48.Kg2 
Rb1 49.Rxb1 Rxb1 50.Kf3 Rb2 51.Ke4 Rxf2 52.Kxd4 Rf1 53.Kc5 Rg1 54.Kb6 Rxg3
55.Kxa5 Rxd3 56.Bc6 Kf6 57.Kb6 Ke7 58.a5 Kd6 59.a6 Rb3+ 60.Bb5 Rxb5+ 61.
Kxb5 Kc7 62.Kc5 f5 0-1

[Event "VIII Festival A"]
[Site "Montecatini Terme ITA"]
[Date "1999.08.04"]
[Round "5"]
[White "Scalcione, Michelangelo"]
[Black "Arlandi, Ennio"]
[Result "1-0"]
[WhiteElo "2177"]
[BlackElo "2465"]
[PlyCount "53"]
[EventDate "1999.07.31"]

1.Nf3 f5 2.c4 Nf6 3.g3 g6 4.Bg2 Bg7 5.O-O O-O 6.Nc3 d6 7.d4 Qe8 8.d5 Na6 
9.Nd4 Bd7 10.Rb1 c6 11.b4 Rc8 12.Qd3 c5 13.bxc5 Nxc5 14.Qd1 Ng4 15.Bf4 a6 
16.h3 Nf6 17.Be3 Nfe4 18.Nxe4 Nxe4 19.Bxe4 fxe4 20.Ne6 Bxe6 21.dxe6 Rxc4 
22.Rxb7 Rc3 23.Bd4 Rxg3+ 24.Kh2 Ra3 25.Bxg7 Kxg7 26.Qd4+ Rf6 27.Qxd6 1-0

[Event "VIII Festival A"]
[Site "Montecatini Terme ITA"]
[Date "1999.08.04"]
[Round "5"]
[White "Schaefer, Michael"]
[Black "Mancini, Giustino"]
[Result "1-0"]
[WhiteElo "2231"]
[BlackElo "2029"]
[PlyCount "71"]
[EventDate "1999.07.31"]

1.d4 Nf6 2.c4 e6 3.Nc3 Bb4 4.g3 O-O 5.Bg2 d5 6.Nf3 Nbd7 7.Qb3 Bxc3+ 8.bxc3
Ne4 9.O-O c6 10.Rd1 Nb6 11.cxd5 exd5 12.Ne5 Qf6 13.Rf1 Re8 14.a4 Nd6 15.a5
Nbc4 16.e4 Be6 17.Nxc4 dxc4 18.Qb4 Nb5 19.a6 Qe7 20.axb7 Qxb7 21.Ra5 a6 
22.Bf4 h6 23.Rd1 Red8 24.Bf1 c5 25.Qb1 g5 26.Be3 Bg4 27.Bxc4 Bxd1 28.Qxd1 
Nxc3 29.Qh5 Rd6 30.e5 Qb1+ 31.Kg2 Rg6 32.Qf3 Ra7 33.dxc5 g4 34.Qf4 Qb7+ 
35.f3 Qb4 36.Bxf7+ 1-0

[Event "VIII Festival A"]
[Site "Montecatini Terme ITA"]
[Date "1999.08.04"]
[Round "5"]
[White "Solozhenkin, Evgeniy"]
[Black "Iotti, Pierluigi"]
[Result "1-0"]
[WhiteElo "2544"]
[BlackElo "2326"]
[PlyCount "77"]
[EventDate "1999.07.31"]

1.d4 Nf6 2.c4 e6 3.Nf3 b6 4.Nc3 Bb7 5.a3 d5 6.cxd5 exd5 7.g3 Be7 8.Bg2 O-O
9.O-O Nbd7 10.Bf4 a6 11.Qc2 c5 12.Rfd1 Re8 13.Rac1 c4 14.a4 Rc8 15.Ne5 Nf8
16.b3 cxb3 17.Qxb3 Ne6 18.Be3 Qd6 19.Rb1 Ba8 20.Na2 Rb8 21.Qd3 Bb7 22.Rb3 
Rec8 23.Rdb1 Bd8 24.Nc3 Ra8 25.f4 h6 26.g4 Qe7 27.Bf3 Ra7 28.Kg2 Ba8 29.
Rh1 Qb7 30.Rc1 Ne4 31.Nxd5 Rxc1 32.Bxe4 Qc8 33.Bxc1 Qxc1 34.e3 Bxd5 35.
Bxd5 Rc7 36.Bc4 Bh4 37.Rb1 Nxf4+ 38.exf4 Qxf4 39.Rf1 1-0

[Event "VIII Festival A"]
[Site "Montecatini Terme ITA"]
[Date "1999.08.04"]
[Round "5"]
[White "Surjadnji, Aleksei"]
[Black "Tocchioni, Doriano"]
[Result "1-0"]
[WhiteElo "2429"]
[BlackElo "2240"]
[PlyCount "59"]
[EventDate "1999.07.31"]

1.d4 c6 2.c4 d5 3.Nc3 Nf6 4.e3 Bf5 5.cxd5 Nxd5 6.Bc4 e6 7.Nge2 Bg6 8.O-O 
Nd7 9.e4 Nxc3 10.Nxc3 b5 11.Bd3 b4 12.Ne2 Be7 13.Be3 O-O 14.Rc1 Qb6 15.Qa4
Rac8 16.Rc2 Rc7 17.Rfc1 Rfc8 18.Nf4 c5 19.Nxg6 hxg6 20.Bb5 Nb8 21.Bf4 Bd6 
22.dxc5 Rxc5 23.Be3 Rxc2 24.Rxc2 Bc5 25.Bf1 Kh7 26.Qb5 Bxe3 27.Qxb6 Bxb6 
28.Rxc8 Nd7 29.Rc4 a5 30.Rc6 1-0

[Event "VIII Festival A"]
[Site "Montecatini Terme ITA"]
[Date "1999.08.04"]
[Round "5"]
[White "Vezzosi, Paolo"]
[Black "Zueger, Beat"]
[Result "1/2-1/2"]
[WhiteElo "2329"]
[BlackElo "2434"]
[PlyCount "99"]
[EventDate "1999.07.31"]

1.Nf3 Nf6 2.c4 g6 3.Nc3 Bg7 4.e4 d6 5.d4 Bg4 6.Be3 O-O 7.Be2 Nfd7 8.Ng1 
Bxe2 9.Ngxe2 c5 10.d5 a6 11.Qb3 b5 12.cxb5 axb5 13.Nxb5 Na6 14.O-O Qa5 15.
Nec3 Rfb8 16.a4 Nc7 17.Rab1 Nxb5 18.axb5 Qb4 19.Qc2 Qc4 20.Bg5 Rxb5 21.
Bxe7 Rb6 22.Bg5 Rab8 23.Rfc1 Ne5 24.Nd1 Qb5 25.Nc3 Qd3 26.h3 Qxc2 27.Rxc2 
h6 28.Bc1 Nd3 29.Nd1 Re8 30.f3 f5 31.Rc4 fxe4 32.fxe4 Rb4 33.Rxb4 cxb4 34.
Be3 Rxe4 35.Kf1 Nxb2 36.Nxb2 Rxe3 37.Nc4 Rd3 38.Rxb4 Rxd5 39.Rb6 Rf5+ 40.
Ke2 d5 41.Rb8+ Kh7 42.Ne3 Rg5 43.Rb5 Bd4 44.Rxd5 Bxe3 45.Rd7+ Kg8 46.Kxe3 
Rxg2 47.Kf3 Rg1 48.h4 h5 49.Rd4 Kg7 50.Ra4 1/2-1/2

[Event "VIII Festival A"]
[Site "Montecatini Terme ITA"]
[Date "1999.08.04"]
[Round "5"]
[White "Zaitsev, Vadim"]
[Black "Razuvaev, Yuri S."]
[Result "0-1"]
[WhiteElo "2411"]
[BlackElo "2559"]
[PlyCount "48"]
[EventDate "1999.07.31"]

1.Nf3 c5 2.e4 e6 3.d4 cxd4 4.Nxd4 a6 5.Bd3 Bc5 6.Nb3 Be7 7.Nc3 d6 8.O-O 
Nd7 9.f4 b5 10.Nd4 Ngf6 11.Qf3 Bb7 12.Be3 b4 13.Nce2 Nc5 14.Ng3 h5 15.Nb3 
h4 16.Nxc5 dxc5 17.Nh1 c4 18.Bxc4 Bxe4 19.Qe2 h3 20.g3 Qc7 21.Nf2 Bb7 22.
Ng4 Nxg4 23.Qxg4 Qxc4 24.Qxg7 O-O-O 0-1

[Event "VIII Festival A"]
[Site "Montecatini Terme ITA"]
[Date "1999.08.05"]
[Round "6"]
[White "Aleksic, Nenad"]
[Black "Marzano, Carlo"]
[Result "1-0"]
[WhiteElo "2421"]
[BlackElo "2233"]
[PlyCount "67"]
[EventDate "1999.07.31"]

1.e4 c6 2.d4 d5 3.Nc3 g6 4.h3 Bg7 5.Nf3 Nh6 6.Bf4 f6 7.exd5 cxd5 8.Bxb8 
Rxb8 9.Bb5+ Kf8 10.O-O Nf7 11.Re1 Nd6 12.Bd3 e6 13.Qd2 Nf7 14.Qe2 Bh6 15.
Nd1 Nd6 16.Ne3 Bd7 17.Ng4 Bg7 18.Qd2 Rc8 19.b3 h5 20.Ne3 Kf7 21.c4 dxc4 
22.bxc4 Bh6 23.Qc2 Rg8 24.Qb3 b6 25.Rac1 Bf4 26.c5 bxc5 27.dxc5 Ne8 28.
Red1 Qc7 29.Ba6 Rb8 30.Qc4 Bc6 31.Nd4 Ng7 32.Nxc6 Qxc6 33.Qxf4 Qxa6 34.
Qc7+ 1-0

[Event "VIII Festival A"]
[Site "Montecatini Terme ITA"]
[Date "1999.08.05"]
[Round "6"]
[White "Arlandi, Ennio"]
[Black "Gaido, Paolo"]
[Result "1-0"]
[WhiteElo "2465"]
[BlackElo "2154"]
[PlyCount "125"]
[EventDate "1999.07.31"]

1.d4 Nf6 2.c4 g6 3.Nc3 Bg7 4.e4 d6 5.Nf3 O-O 6.Be2 e5 7.O-O exd4 8.Nxd4 
Re8 9.f3 Nc6 10.Be3 Nh5 11.Qd2 Nxd4 12.Bxd4 Nf4 13.Rfd1 Nxe2+ 14.Nxe2 Be6 
15.Rac1 Qh4 16.Bxg7 Kxg7 17.Nf4 Qf6 18.Rc3 Qe5 19.Qd4 Qxd4+ 20.Rxd4 Re7 
21.Kf2 Rae8 22.Rd2 f6 23.g4 Bf7 24.Ng2 Re5 25.Ne3 Be6 26.Nd5 Rc8 27.Rd4 c5
28.Rd2 Bxd5 29.Rxd5 Rxd5 30.exd5 Re8 31.Ra3 a6 32.Rb3 Re7 33.Rb6 Rd7 34.
Ke3 Kf7 35.b4 cxb4 36.Rxb4 Ke7 37.Kd4 Kd8 38.c5 Kc7 39.a4 dxc5+ 40.Kxc5 
b6+ 41.Kd4 Kb7 42.Rb2 Re7 43.a5 b5 44.Kc5 Re3 45.f4 Kc7 46.d6+ Kd7 47.Kb6 
Kxd6 48.Rd2+ Ke6 49.Kxa6 Re4 50.Kxb5 Rxf4 51.a6 Rf1 52.Ra2 Rb1+ 53.Ka5 Rb8
54.a7 Ra8 55.Kb6 f5 56.gxf5+ Kxf5 57.Kb7 Rxa7+ 58.Rxa7 h5 59.Kc6 g5 60.Kd5
g4 61.Rh7 Kg6 62.Rh8 Kg5 63.Ke4 1-0

[Event "VIII Festival A"]
[Site "Montecatini Terme ITA"]
[Date "1999.08.05"]
[Round "6"]
[White "Artizzu, Giulio"]
[Black "Caposciutti, Maurizio"]
[Result "0-1"]
[WhiteElo "1825"]
[BlackElo "2305"]
[PlyCount "54"]
[EventDate "1999.07.31"]

1.e4 c5 2.Nf3 Nc6 3.d4 cxd4 4.Nxd4 Nf6 5.Nc3 d6 6.Bg5 e6 7.Qd2 Be7 8.O-O-O
O-O 9.f3 Nxd4 10.Qxd4 Qa5 11.Qd2 a6 12.Kb1 Qc5 13.g4 b5 14.Be3 Qc7 15.g5 
Nd7 16.h4 Ne5 17.f4 Nc4 18.Bxc4 Qxc4 19.Bd4 Bb7 20.b3 Qc7 21.Rhe1 Rfc8 22.
e5 Bf3 23.Ne2 d5 24.Ng3 Bb4 25.Qd3 Bxd1 26.Rxd1 Bc3 27.Nh5 Bxd4 0-1

[Event "VIII Festival A"]
[Site "Montecatini Terme ITA"]
[Date "1999.08.05"]
[Round "6"]
[White "Barberi, Alessandro"]
[Black "Manca, Federico"]
[Result "0-1"]
[WhiteElo "2180"]
[BlackElo "2373"]
[PlyCount "40"]
[EventDate "1999.07.31"]

1.d4 Nf6 2.c4 g6 3.Nc3 Bg7 4.e4 d6 5.g3 c5 6.d5 O-O 7.Bg2 e6 8.dxe6 fxe6 
9.Bf4 e5 10.Bg5 h6 11.Bxf6 Qxf6 12.f3 h5 13.Qd5+ Be6 14.Qd3 Nc6 15.O-O-O 
Bh6+ 16.Kb1 Nb4 17.Qf1 Qf7 18.Rxd6 Bxc4 19.Rxg6+ Bg7 20.Rxg7+ Kxg7 0-1

[Event "VIII Festival A"]
[Site "Montecatini Terme ITA"]
[Date "1999.08.05"]
[Round "6"]
[White "Belotti, Bruno"]
[Black "Vezzosi, Paolo"]
[Result "1-0"]
[WhiteElo "2423"]
[BlackElo "2329"]
[PlyCount "79"]
[EventDate "1999.07.31"]

1.e4 c5 2.Nf3 e6 3.d4 cxd4 4.Nxd4 Nc6 5.Nc3 Qc7 6.f4 a6 7.Nxc6 Qxc6 8.Bd3 
Nf6 9.Qe2 Bb4 10.Bd2 b5 11.O-O-O Bb7 12.Rhe1 Qc7 13.g3 O-O 14.Kb1 Be7 15.
e5 Ne8 16.Ne4 f5 17.exf6 Nxf6 18.Ng5 Qc6 19.Bc3 g6 20.h4 Qg2 21.Bxf6 Rxf6 
22.Qxg2 Bxg2 23.Be4 Bxe4 24.Nxe4 Rf7 25.Rxd7 Rc8 26.Nd6 Bxd6 27.Rxd6 Rfc7 
28.c3 a5 29.Rdxe6 Kf7 30.a3 Rb8 31.R1e4 b4 32.axb4 axb4 33.cxb4 Rd7 34.Rc6
Rd2 35.Rc7+ Kf6 36.g4 Rg2 37.f5 gxf5 38.g5+ Kg6 39.Re6+ Kh5 40.Rc4 1-0

[Event "VIII Festival A"]
[Site "Montecatini Terme ITA"]
[Date "1999.08.05"]
[Round "6"]
[White "Bini, Lorenzo"]
[Black "Calzetta Ruiz, Monica"]
[Result "0-1"]
[WhiteElo "2069"]
[BlackElo "2194"]
[PlyCount "52"]
[EventDate "1999.07.31"]

1.d3 e5 2.Nf3 Nc6 3.a3 g6 4.b3 Bg7 5.Bb2 f5 6.c4 d6 7.e3 Nf6 8.g3 O-O 9.
Bg2 f4 10.exf4 exf4 11.O-O Bf5 12.d4 Nh5 13.Nh4 Bd7 14.Bf3 Bh3 15.Ng2 fxg3
16.hxg3 Nf6 17.Re1 Qd7 18.Nd2 Rae8 19.Ne3 Kh8 20.Kh2 Re7 21.b4 Ng4+ 22.
Bxg4 Bxg4 23.Nxg4 Rxe1 24.Qxe1 Qxg4 25.b5 Nxd4 26.Qe7 Rxf2+ 0-1

[Event "VIII Festival A"]
[Site "Montecatini Terme ITA"]
[Date "1999.08.05"]
[Round "6"]
[White "Ciotoli, Patrizio"]
[Black "Martorelli, Antonio"]
[Result "1-0"]
[WhiteElo "2142"]
[BlackElo "2322"]
[PlyCount "107"]
[EventDate "1999.07.31"]

1.e4 c5 2.Nf3 e6 3.d4 cxd4 4.Nxd4 a6 5.Nc3 Qc7 6.Be2 Bb4 7.Bd2 Nf6 8.Bf3 
Nc6 9.Nxc6 dxc6 10.O-O Bc5 11.Qe2 e5 12.Be3 Bxe3 13.Qxe3 O-O 14.Rfd1 Be6 
15.Na4 Rad8 16.Qb6 Qxb6 17.Nxb6 Rfe8 18.b3 Kf8 19.Kf1 Ke7 20.Ke2 a5 21.h3 
h6 22.Ke3 g6 23.Be2 Nd7 24.Nxd7 Rxd7 25.Rxd7+ Kxd7 26.Rd1+ Kc7 27.g3 h5 
28.h4 Kb6 29.a3 Kc5 30.Rd3 b5 31.Rc3+ Kb6 32.b4 axb4 33.axb4 Ra8 34.Rc5 
Ra4 35.c3 Ra3 36.f4 Bc4 37.Bxc4 Rxc3+ 38.Bd3 exf4+ 39.gxf4 Rb3 40.f5 Rxb4 
41.fxg6 fxg6 42.Rg5 Rb2 43.Rxg6 Rh2 44.e5 Rxh4 45.Be4 b4 46.Rxc6+ Kb5 47.
Rc8 Rg4 48.Kd4 b3 49.Rb8+ Ka4 50.e6 Rg7 51.Bd5 h4 52.Bxb3+ Ka5 53.Bd5 h3 
54.Kc5 1-0

[Event "VIII Festival A"]
[Site "Montecatini Terme ITA"]
[Date "1999.08.05"]
[Round "6"]
[White "Collutiis, Duilio"]
[Black "Efimov, Igor"]
[Result "0-1"]
[WhiteElo "2200"]
[BlackElo "2445"]
[PlyCount "54"]
[EventDate "1999.07.31"]

1.e4 c5 2.Nc3 Nc6 3.f4 e6 4.Nf3 a6 5.g3 d5 6.Bg2 Nf6 7.e5 Nd7 8.d3 b5 9.
O-O g6 10.Qe2 b4 11.Nb1 a5 12.Be3 Ba6 13.Nbd2 Qc7 14.Bf2 Nb6 15.g4 h5 16.
h3 hxg4 17.hxg4 Na4 18.Rab1 Bh6 19.Bg3 O-O-O 20.Rfc1 Kb8 21.c4 Rd7 22.Qd1 
Nb6 23.g5 Bf8 24.b3 Be7 25.Bf2 Rhd8 26.Qe2 dxc4 27.dxc4 Nd5 0-1

[Event "VIII Festival A"]
[Site "Montecatini Terme ITA"]
[Date "1999.08.05"]
[Round "6"]
[White "De Gleria, Francesco"]
[Black "Goloshchapov, Alexander"]
[Result "1/2-1/2"]
[WhiteElo "2422"]
[BlackElo "2519"]
[PlyCount "62"]
[EventDate "1999.07.31"]

1.e4 e6 2.d4 d5 3.Nc3 Bb4 4.e5 c5 5.a3 Bxc3+ 6.bxc3 Ne7 7.Qg4 O-O 8.Bd3 
Qa5 9.Bd2 Nbc6 10.Qh5 h6 11.Nf3 c4 12.Be2 f6 13.exf6 Rxf6 14.Ne5 Qa4 15.
Nxc6 Nxc6 16.Bd1 Bd7 17.O-O Raf8 18.g3 e5 19.dxe5 Rf5 20.Qg6 Nxe5 21.Qd6 
Nf7 22.Qc5 Bc6 23.Bf4 Re8 24.Qd4 Ng5 25.Bxg5 Rxg5 26.f4 Rf5 27.Qd2 Rf6 28.
Bh5 Re7 29.Bf3 Kh8 30.Rf2 Qa5 31.Qd4 Rf8 1/2-1/2

[Event "VIII Festival A"]
[Site "Montecatini Terme ITA"]
[Date "1999.08.05"]
[Round "6"]
[White "Del Rio Angelis, Salvador Gabriel"]
[Black "Iordachescu, Viorel"]
[Result "0-1"]
[WhiteElo "2471"]
[BlackElo "2553"]
[PlyCount "86"]
[EventDate "1999.07.31"]

1.e4 c5 2.Nf3 e6 3.d4 cxd4 4.Nxd4 a6 5.Bd3 g6 6.O-O Bg7 7.Nf3 Ne7 8.e5 O-O
9.Bf4 d6 10.Nc3 dxe5 11.Bxe5 f6 12.Bg3 Nbc6 13.h4 e5 14.h5 Be6 15.hxg6 
hxg6 16.Qe2 Nf5 17.Bh2 Qe7 18.Qe4 Rad8 19.Rad1 Ncd4 20.Nh4 Qf7 21.Qg4 Nxh4
22.Qxh4 f5 23.f3 Nc6 24.Bg3 Rd7 25.Bf2 Rfd8 26.Bb6 Rc8 27.Na4 Bf6 28.Qg3 
Kg7 29.Nc5 Re7 30.Nxe6+ Qxe6 31.Bc5 Rf7 32.c3 Ne7 33.Qf2 Qxa2 34.Rfe1 Qb3 
35.Ba3 Rh8 36.Bc2 Qb5 37.Rd6 Nd5 38.Bxf5 gxf5 39.Qg3+ Kh7 40.Rxe5 Rg7 41.
Qh3+ Kg8 42.Qxf5 Rh1+ 43.Kxh1 Qf1+ 0-1

[Event "VIII Festival A"]
[Site "Montecatini Terme ITA"]
[Date "1999.08.05"]
[Round "6"]
[White "Dervishi, Erald"]
[Black "Komarov, Dimitri"]
[Result "1/2-1/2"]
[WhiteElo "2496"]
[BlackElo "2582"]
[PlyCount "112"]
[EventDate "1999.07.31"]

1.e4 c5 2.Nf3 Nc6 3.d4 cxd4 4.Nxd4 Nf6 5.Nc3 e5 6.Ndb5 d6 7.Bg5 a6 8.Na3 
b5 9.Nd5 Be7 10.Bxf6 Bxf6 11.c3 O-O 12.Nc2 Bg5 13.a4 bxa4 14.Rxa4 Bb7 15.
Bc4 Na5 16.Ba2 Bc6 17.Ra3 Bb5 18.Nce3 Nb7 19.Nf5 Nc5 20.c4 Bd7 21.Bb1 a5 
22.h4 Bxf5 23.exf5 Bf6 24.Rg3 a4 25.Qd2 Kh8 26.h5 h6 27.O-O e4 28.Rd1 Rb8 
29.Nc3 Be5 30.Rg4 Qf6 31.Nxe4 Nxe4 32.Bxe4 Bxb2 33.Qa5 a3 34.Rg3 Qh4 35.
Bd5 Qxh5 36.Rf3 Rb3 37.Re1 Rxf3 38.Bxf3 Qh4 39.Bd5 Bd4 40.Re2 Bc5 41.Qb5 
Qf6 42.Qb1 Bd4 43.g3 Bb2 44.Kg2 Rc8 45.Qe1 Kh7 46.Qa5 Rf8 47.c5 dxc5 48.
Qxc5 Rd8 49.Ba2 Qa6 50.Qc2 Qb7+ 51.Qe4 Rd7 52.Qxb7 Rxb7 53.Re8 Bd4 54.Kf3 
h5 55.Ra8 Ba7 56.Kg2 Bxf2 1/2-1/2

[Event "VIII Festival A"]
[Site "Montecatini Terme ITA"]
[Date "1999.08.05"]
[Round "6"]
[White "Estremera Panos, Sergio"]
[Black "Naumkin, Igor"]
[Result "1/2-1/2"]
[WhiteElo "2387"]
[BlackElo "2489"]
[PlyCount "52"]
[EventDate "1999.07.31"]

1.d4 Nf6 2.c4 e6 3.Nf3 b6 4.Nc3 Bb7 5.a3 d5 6.Bg5 Be7 7.Qa4+ c6 8.Bxf6 
Bxf6 9.e4 O-O 10.Rd1 dxc4 11.Qxc4 Nd7 12.e5 Be7 13.Bd3 b5 14.Qb3 Qb6 15.
O-O c5 16.Qxb5 Qxb5 17.Nxb5 a6 18.Nd6 Bxf3 19.gxf3 cxd4 20.Be4 Rad8 21.Nb7
Rb8 22.f4 Nc5 23.Nxc5 Bxc5 24.Rc1 Bb6 25.Rc6 a5 26.Rfc1 g6 1/2-1/2

[Event "VIII Festival A"]
[Site "Montecatini Terme ITA"]
[Date "1999.08.05"]
[Round "6"]
[White "Fabiano, Giuseppe"]
[Black "Mantovani, Renzo"]
[Result "0-1"]
[WhiteElo "2293"]
[BlackElo "2419"]
[PlyCount "80"]
[EventDate "1999.07.31"]

1.d4 d6 2.c4 e5 3.d5 Be7 4.Nc3 c5 5.g3 a6 6.Bg2 f5 7.e4 Nf6 8.exf5 Bxf5 9.
Nf3 O-O 10.O-O Ne8 11.Qe2 Nd7 12.Be3 Nc7 13.a4 Qe8 14.Nd2 Qg6 15.Nde4 Ne8 
16.Rad1 h6 17.f3 Ndf6 18.Nf2 Nh7 19.g4 Bd7 20.Nfe4 Nef6 21.Ng3 h5 22.h3 h4
23.Nh1 Ne8 24.f4 exf4 25.Bxf4 Rxf4 26.Rxf4 Bf6 27.Nf2 Be5 28.Re4 Ng5 29.
Rxe5 dxe5 30.Qxe5 Nd6 31.Qe7 Be8 32.Nce4 Ngxe4 33.Nxe4 Bxa4 34.Rf1 Nxc4 
35.Nxc5 Bb5 36.d6 Qxd6 37.Bd5+ Qxd5 38.Ne6 Qe5 39.Qf7+ Kh8 40.g5 Qg3+ 0-1

[Event "VIII Festival A"]
[Site "Montecatini Terme ITA"]
[Date "1999.08.05"]
[Round "6"]
[White "Farago, Ivan"]
[Black "Lanzani, Mario"]
[Result "1/2-1/2"]
[WhiteElo "2512"]
[BlackElo "2403"]
[PlyCount "61"]
[EventDate "1999.07.31"]

1.d4 d5 2.c4 e6 3.Nf3 c6 4.e3 f5 5.Bd3 Bd6 6.O-O Nh6 7.b3 Qe7 8.a4 O-O 9.
Ba3 Bxa3 10.Nxa3 Bd7 11.Qd2 Be8 12.b4 Nd7 13.cxd5 cxd5 14.Rfc1 Bh5 15.Ne1 
Rfc8 16.Bf1 Nf7 17.Nd3 Nd6 18.Nc5 Be8 19.a5 b6 20.Na6 Nf6 21.f3 Qb7 22.b5 
Rxc1 23.Rxc1 Rc8 24.Rxc8 Qxc8 25.axb6 axb6 26.Qb4 Qc1 27.Qxd6 Qxe3+ 28.Kh1
Qe1 29.Kg1 Qe3+ 30.Kh1 Qe1 31.Kg1 1/2-1/2

[Event "VIII Festival A"]
[Site "Montecatini Terme ITA"]
[Date "1999.08.05"]
[Round "6"]
[White "Friedrich, Norbert"]
[Black "Riccio, Eros"]
[Result "1-0"]
[WhiteElo "2258"]
[BlackElo "2096"]
[PlyCount "109"]
[EventDate "1999.07.31"]

1.e4 e5 2.Nf3 Nf6 3.d4 Nxe4 4.dxe5 d5 5.Nbd2 Nc5 6.Nb3 Bg4 7.h3 Bh5 8.Be2 
Nxb3 9.axb3 c5 10.e6 fxe6 11.Ne5 Bxe2 12.Qxe2 g6 13.O-O Bg7 14.Qb5+ Nd7 
15.Bg5 Qc7 16.Nxd7 Qxd7 17.Qxc5 Bxb2 18.Rxa7 Rxa7 19.Qxa7 O-O 20.Re1 e5 
21.Bh4 Qc6 22.Re2 Bd4 23.Qa3 b5 24.Bg3 Re8 25.Kh2 Kg7 26.Qc1 h6 27.Qd1 Bc3
28.f3 Kf6 29.Be1 d4 30.Qd3 Bxe1 31.Rxe1 b4 32.f4 Qc3 33.fxe5+ Kg7 34.Qe4 
Qc8 35.e6 Qc7+ 36.Kh1 Qd6 37.Qb7+ Re7 38.Qe4 Kf6 39.Rf1+ Kg7 40.Re1 Kf6 
41.Qf3+ Kg7 42.Qg4 Kf6 43.Qf3+ Kg7 44.Qe2 Kf6 45.Qc4 Rc7 46.Qd3 Re7 47.Re4
Rxe6 48.Rxe6+ Qxe6 49.Qxd4+ Qe5 50.Qxb4 Qa1+ 51.Kh2 Qe5+ 52.Kg1 Qe3+ 53.
Kf1 Qc1+ 54.Qe1 Qxc2 55.Qf2+ 1-0

[Event "VIII Festival A"]
[Site "Montecatini Terme ITA"]
[Date "1999.08.05"]
[Round "6"]
[White "Iotti, Pierluigi"]
[Black "Spinelli, Doriano"]
[Result "1-0"]
[WhiteElo "2326"]
[BlackElo "2196"]
[PlyCount "65"]
[EventDate "1999.07.31"]

1.d4 d5 2.c4 e6 3.Nc3 Nf6 4.Nf3 Be7 5.Bg5 h6 6.Bxf6 Bxf6 7.cxd5 exd5 8.Qc2
O-O 9.e3 b6 10.Be2 Bb7 11.O-O Re8 12.b4 c6 13.a4 a5 14.bxa5 Rxa5 15.Rab1 
Nd7 16.Rb2 Ba6 17.Rc1 Bxe2 18.Nxe2 c5 19.Nc3 cxd4 20.exd4 Nf8 21.Rcb1 Ne6 
22.Qd2 Qe7 23.h3 Qc7 24.Rxb6 Nf4 25.R6b3 g5 26.Kh1 Raa8 27.Rb5 Qd7 28.Kh2 
h5 29.Ng1 Bd8 30.g3 Bc7 31.Nxd5 Re2 32.Nf6+ Kh8 33.Qxe2 1-0

[Event "VIII Festival A"]
[Site "Montecatini Terme ITA"]
[Date "1999.08.05"]
[Round "6"]
[White "Korsunsky, Yuri"]
[Black "Schaefer, Michael"]
[Result "1-0"]
[WhiteElo "2418"]
[BlackElo "2231"]
[PlyCount "83"]
[EventDate "1999.07.31"]

1.d4 Nf6 2.c4 g6 3.Nc3 d5 4.cxd5 Nxd5 5.e4 Nxc3 6.bxc3 Bg7 7.Bb5+ c6 8.Ba4
a5 9.Ne2 b5 10.Bc2 Na6 11.O-O O-O 12.Bg5 Ra7 13.Qd2 c5 14.Bh6 e5 15.d5 c4 
16.Be3 Rb7 17.f4 f6 18.f5 Rff7 19.fxg6 hxg6 20.Rf3 Bf8 21.Raf1 Bc5 22.Bxc5
Nxc5 23.Qh6 Bg4 24.Qxg6+ Rg7 25.Qh6 Bxf3 26.Rxf3 b4 27.Ng3 b3 28.Bb1 Qf8 
29.Rxf6 Rbf7 30.Rxf7 Qxf7 31.Nf5 Nxe4 32.Bxe4 bxa2 33.Qc1 Qa7+ 34.Kf1 Rf7 
35.Qg5+ Kh8 36.Qd8+ Kh7 37.Ke2 a1=Q 38.Nd4+ Kh6 39.Qh4+ Kg7 40.Ne6+ Kg8 
41.Qd8+ Rf8 42.Qxf8# 1-0

[Event "VIII Festival A"]
[Site "Montecatini Terme ITA"]
[Date "1999.08.05"]
[Round "6"]
[White "Laketic, Gojko"]
[Black "Solozhenkin, Evgeniy"]
[Result "1-0"]
[WhiteElo "2418"]
[BlackElo "2544"]
[PlyCount "57"]
[EventDate "1999.07.31"]

1.d4 Nf6 2.Nf3 e6 3.c4 b6 4.g3 Ba6 5.Qb3 Nc6 6.Nbd2 d5 7.Qa4 Bb7 8.Bg2 Bd6
9.O-O O-O 10.e3 a5 11.a3 h6 12.Re1 Qd7 13.Qc2 a4 14.Rb1 Ra7 15.e4 dxe4 16.
Nxe4 Nxe4 17.Rxe4 f5 18.Re2 Na5 19.c5 bxc5 20.dxc5 Be4 21.Rxe4 fxe4 22.Nh4
Bxc5 23.Qxc5 Qd1+ 24.Bf1 Raa8 25.Ng6 Rf6 26.Ne7+ Kf7 27.Qxc7 Kf8 28.Nc8 
Kg8 29.Bxh6 1-0

[Event "VIII Festival A"]
[Site "Montecatini Terme ITA"]
[Date "1999.08.05"]
[Round "6"]
[White "Luciani, Valerio"]
[Black "Basciu, Simone"]
[Result "1/2-1/2"]
[WhiteElo "2229"]
[BlackElo "2080"]
[PlyCount "101"]
[EventDate "1999.07.31"]

1.d4 Nf6 2.c4 e6 3.g3 Bb4+ 4.Bd2 Qe7 5.Nf3 O-O 6.Bg2 d5 7.a3 Bxd2+ 8.Nbxd2
a5 9.Qc2 Ra6 10.O-O Rd6 11.c5 Rdd8 12.Ne5 Nbd7 13.f4 Nxe5 14.dxe5 Ng4 15.
Rf3 Bd7 16.h3 Nh6 17.g4 a4 18.Rg3 f6 19.exf6 gxf6 20.Nf3 Kh8 21.Qc3 Qg7 
22.Nh4 Bc6 23.g5 fxg5 24.Qxg7+ Kxg7 25.Rxg5+ Kf6 26.Kh2 Nf7 27.Rh5 h6 28.
Nf3 Rg8 29.Rh4 Rg6 30.Rg4 Rxg4 31.hxg4 e5 32.e3 Ra8 33.Kg3 Ra5 34.Rc1 Rb5 
35.Rc2 Rb3 36.Kf2 Rb5 37.Bf1 Ra5 38.Be2 Bd7 39.Kg3 Ra8 40.Nd2 Rg8 41.Kh4 
Re8 42.Nf3 Rg8 43.Ne1 Re8 44.Kg3 Rg8 45.Kh4 Re8 46.Rd2 c6 47.Nf3 exf4 48.
exf4 Re4 49.Kg3 Re3 50.Kf2 Re4 51.Kg3 1/2-1/2

[Event "VIII Festival A"]
[Site "Montecatini Terme ITA"]
[Date "1999.08.05"]
[Round "6"]
[White "Ortega, Lexy"]
[Black "Everet, Alexandro"]
[Result "1-0"]
[WhiteElo "2499"]
[BlackElo "2294"]
[PlyCount "53"]
[EventDate "1999.07.31"]

1.d4 Nf6 2.Nf3 d5 3.c4 c6 4.Nc3 g6 5.cxd5 cxd5 6.Bf4 Bg7 7.e3 O-O 8.h3 Nc6
9.Bd3 a6 10.Rc1 Qb6 11.Qe2 Bd7 12.O-O Qa7 13.Ne5 Rfd8 14.Nxd7 Rxd7 15.Na4 
Rc8 16.Nc5 Rdd8 17.Nxb7 Qxb7 18.Bxa6 Qb6 19.Bxc8 Rxc8 20.a4 Ra8 21.Qb5 
Qxb5 22.axb5 Nd8 23.Ra1 Rc8 24.Rfc1 Rxc1+ 25.Rxc1 Kf8 26.Rc8 Ke8 27.b6 1-0